Open Data Biblioteca Nacional de Portugal


República Portuguesa: Ministério da Cultura
Biblioteca Nacional de Portugal

Catálogo da BNP: acesso por Identificadores Unívocos
Registos Bibliográficos associados ao registo de autoridade

Etiqueta de registo: 00738cas 02200253 04500
001 68627
003 http://id.bnportugal.gov.pt/bib/catbnp/68627
100 ## $a19940102b19581974a a0pora01030103ba
101 0# $apor
102 ## $aPT
106 ## $ae
110 ## $acdazz 0xx0
200 1# $aFagulha$epublicação infantil$fpropr. Comissariado Nacional da Mocidade Portuguesa$gdir. Maria Alice Andrade Santos
207 #0 $aNº 1 (15 jan. 1958) - nº 392 (maio 1974)
210 #9 $aLisboa$cC.N.M.P.$d1958-1974
215 ## $d20 cm
317 ## $aColeção Leandro de Moraes Sarmento$5PTBN: L.M.S. 23
326 ## $aQuinzenal
430 #1 $1001733686$tLusitas publicação infantil$cC.N.M.P.$d1943-1957
601 02 $aPortugal$bMocidade Portuguesa$xPeriódicos$2SIPOR$31996872
620 ## $dLisboa
675 ## $a329.18(469)(05)$vBN$zpor$31996873
702 #1 $aSantos$bMaria Alice Andrade$f1917-$4300$3115323
712 01 $aPortugal$bMocidade Portuguesa$bComissariado Nacional$4650$3205853
801 #0 $aPT$bBN$gRPC
966 ## $lBN$mFGJOR$sJ. 5344 B.$x1
966 ## $lBN$mFGJOR$pBiblioteca particular Leandro de Moraes Sarmento$sL.M.S. 23 $x3

OpendataBNP@bnportugal.pt | Mais informação sobre acesso aos dados BNP